Bodybuilders names - Statistics

General Stats
  • This quiz has been taken 949 times
    933 since last reset
  • The average score is 13 of 31
Answer Stats
Hint Answer % Correct
Ronnie Coleman
99%
Jay Cutler
96%
Arnold Schwarzenegger
81%
Dorian Yates
80%
Flex Wheeler
64%
Phil Heath
63%
Markus Ruhl
59%
Kevin Levrone
58%
Franco Columbu
57%
Tom Platz
56%
Lee Priest
56%
Kai Greene
52%
Sergio Oliva
48%
Frank Zane
47%
Lee Haney
45%
Big Ramy
44%
Dexter Jackson
43%
Hadi Choopan
37%
Brandon Curry
30%
Shawn Rhoden
27%
Samir Bannout
21%
Roelly Winklaar
21%
Dennis Wolf
21%
Paul Dillett
19%
William Bonac
17%
Cedric McMillan
16%
James 'Flex' Lewis
14%
Antoine Vaillant
7%
Maxx Charles
6%
Morgan Aste
5%
Steve Kuclo
4%
No matching quizzes found
Score Distribution
Percent of People with Each Score
Percentile by Number Answered
Your Score History
You have not taken this quiz since the last reset